|
|
|
|
| LEADER |
00000nam a22000007a 4500 |
| 005 |
20220812012228.0 |
| 007 |
cr|||| ||| |
| 008 |
220812s2017 br |||||s|||| 00||0 por d |
| 020 |
|
|
|a 978-85-93741-11-1
|
| 035 |
|
|
|a 36813
|
| 040 |
|
|
|a vLex
|
| 090 |
|
|
|c 13687
|d 13687
|
| 100 |
1 |
|
|a Vilela Multedo, Renata
|
| 245 |
1 |
0 |
|a Liberdade e faml̕ia
|h [Recurso electrn̤ico] :
|b Limites para a intervenȯ̂ do Estado nas relaė̳s conjugais e parentais /
|c Renata Vilela Multedo
|
| 256 |
|
|
|a Servicio en ln̕ea
|
| 260 |
|
|
|a Rio de Janeiro:
|b Editora Processo,
|c 2017
|
| 300 |
|
|
|a 1 recurso electrn̤ico
|
| 500 |
|
|
|a Os objetivos centrais da obra sô a indicaȯ̂ dos espaȯs em que o respeito ̉autodeterminaȯ̂ da pessoa ̌imprescindv̕el, sem que possa ou deva haver qualquer interfern̊cia estatal, porque compatv̕el com os direitos fundamentais de liberdade e de igualdade, e o estabelecimento dos limites da presenȧ estatal. Tudo isso mediante o exame de legitimidade e de justificaȯ̂ das intervenė̳s legislativas e judiciais nas relaė̳s parentais e conjugais, com base no cotejo entre ordem pb︢lica e autonomia privada. A faml̕ia contemporńea, vista como fonte primeira de relaė̳s afetivas e bem distante do modelo familiar n︢ico, fechado e chefiado do casamento indissolv︢el, tornou-se aspiraȯ̂ comum da vida, desejo generalizado de integrar-se em formas agregadas de relacionamento baseadas no afeto recp̕roco no caldo de cultura proporcionado pela inserȯ̂ dos direitos de igualdade e de liberdade.
|
| 506 |
1 |
|
|a Disponible solo en los productos indicados
|d vLex Global
|d vLex Global (Academic Edition, excluding Law Schools)
|d vLex Global (U.S. Academic Edition, Law Schools)
|d vLex Global (U.S. Academic Edition, excluding Law Schools)
|d vLex Global (Academic Edition, Law Schools)
|
| 650 |
0 |
4 |
|a Familia y Sucesiones
|z Brasil
|
| 740 |
0 |
|
|a vLex Libros (Servicio en ln̕ea)
|
| 856 |
4 |
0 |
|u https://app.vlex.com/#/sources/36813
|z Acceso restringido
|
| 942 |
|
|
|c BOOK
|
| 999 |
0 |
|
|a Family and Inheritance
|